000 00304nam a22001337a 4500
008 170908b xxu||||| |||| 00| 0 eng d
020 _a9780697079053
041 _aeng
080 _a91
100 _a42
101 _aGJEO
245 _aFUNDAMENTALS OF PHYSICAL GEOGRAPHY
_cDOERR, A.H
942 _2udc
_cBK
999 _c26860
_d26860